2.6 - Statistiques

Statistiques générales
  • Ce quiz a été pris 34 fois
  • Le résultat moyen est 13 sur 102
Statistiques - réponses
Hint Réponse % Correct
Sentiment de ne plus se reconnaître soi même Dépersonnalisation
42%
Absence totale d’auto soin Incurie
42%
Déficit de la mémoire Amnésie
33%
Terme qui désigne la perte d’appétit. On peut l’observer au cours des dépressions, mais aussi de maladie du corps comme le cancer. Anorexie
33%
Exagération des mimiques Hypermimie
33%
Existence simultanée de 2 sentiments opposés vis-à-vis d’un même objet Ambivalence
25%
Absence de mimie Amimie
25%
Concerne les souvenir anciens, qui sont peu à peu oubliés Amnésie rétrograde
25%
Trouble spécifique qui correspond à une privation volontaire de nourriture et n’est donc pas une perte d’appétit Anorexie mentale
25%
Trouble caractérisé par un blocage répété de l’expression sur une syllabe souvent associé à la répétition de cette syllabe Bégaiement
25%
Ingestion brutale d’une grande quantité d’aliments, il s’ensuit une culpabilité intense et des vomissements provoqués répétés Boulimie
25%
Angoisse particulière éprouvée dans les espaces clos Claustrophobie
25%
Perte de contrôle conséquente à une violation des règles (sociale, alimentaires, sexuelles, …) auto imposées Dés inhibition
25%
Trouble spécifique de l’apprentissage de la lecture Dyslexie
25%
Le patient est convaincu d’une disgrâce corporelle ce qui l’angoisse et le dévalorise Dysmorphophobie
25%
Troubles de l’apprentissage de l’orthographe Dysorthographie
25%
Le patient répète les mots de son interlocuteur Echolalie
25%
Vigilance augmentée Hyper vigilance
25%
Diminution des mimiques Hypomimie
25%
Diminution de la vigilance Hypovigilance
25%
Discours accéléré et prolixe (on parle d’augmentation de la fluence verbale) Logorrhée
25%
Patient qui se montre joueur : se moque de vous, pratique des calembours inadaptés, entre dans une relation de jeu Ludisme
25%
Tendance pathologique plus ou moins volontaire et consciente à l’altération de la vérité Mythomanie
25%
Création de mots Néologisme
25%
En lien avec le rêve Onirique
25%
Forme particulière d’excès se limitant à l’eau absorbée en très grande quantité. Se voit presque exclusivement dans les troubles psychotiques Potomanie
25%
Etat d’immobilité et de repli sur soi Prostration
25%
Humeur Thymie
25%
Oubli au fur et à mesure, à compter du moment de début des troubles, alors que les souvenirs antérieurs sont conservés Amnésie
antérograde
17%
Grincement des dents Bruxisme
17%
Production verbales ordurières ou obscène Coprolalie
17%
Incapacité pour le sujet qui en est atteint de se repérer par rapport au temps et à l’espace Désorientation
temporo spatiale
17%
Troubles de l’apprentissage du calcul Dyscalculie
17%
Troubles de l’apprentissage de l’écriture Dysgraphie
17%
Emission involontaire d’urine par un enfant, le plus souvent la nuit, à un âge ou le contrôle mictionnel est normalement acquis Enurésie
17%
Sensation intense, de joie intérieure et de légèreté physique que l’on retrouve, inadaptée ou sans aucune motivation,
lors de certains syndromes psychiatriques ou toxiques
Euphorie
17%
Incontinence Gâtisme
17%
Equivalent écrit de la logorrhée Graphorrhée
17%
Effacement de la personne par rapport à son environnement Hypo syntone
17%
Idée en opposition avec la réalité entraînant l’adhésion du sujet Idée délirante
17%
Idée pathologique à la persécution Jalousie
17%
Troubles des fonctions intellectuelles caractérisées par une surestimation de sa propre valeur et une folie des grandeurs Mégalomanie
17%
Chez l’enfant, régurgitation et rumination du bol alimentaire Mérycisme
17%
Mouvement des lèvres sans émission de son, chez un sujet qui semble perpétuellement murmurer Mussitation
17%
I s’agit d’une absence de langage sans cause organique à cela Mutisme
17%
Répétition de mots ou de phrases vides de sens Palilalie
17%
Emotion de base qui comprend une composante neurovégétative (sueur, tremblements, accélération du rythme cardiaque…) motrice (sidération puis évitement), psychique (éprouvé désagréable, malaise plus ou moins intense) en réponse à un danger extérieur Peur
17%
Absorption de substance impropre à la consommation Pica
17%
Tendance à attaquer autrui. Elle peut se manifester de différentes façons, tant que par le regard, les paroles que les actes. Elle peur être présente dans presque toutes les pathologies psychiatriques Agressivité
8%
Anxiété avec manifestation somatiques Angoisse
8%
Perte de la capacité à éprouver du plaisir Anhédonie
8%
Versant psychique de la peur caractérisé par un malaise diffus, une appréhension d’un danger à venir, un sentiment d’insécurité Anxiété
8%
Fermé aux émotions Apathique
8%
Interruption brutale du discours du sujet au cours d’une phrase Barrage
8%
Propension morbide à rester au lit Clinophilie
8%
Ingestion d’excréments Coprophagie
8%
Trouble mental caractérisé par des hallucinations, une grande excitation psychique, une agitation physique et une incohérence des actes et des paroles. Délire
8%
Sentiment d’irréalité à l’égard du monde ambiant, pouvant être associé à la dépersonnalisation Déréalisation
8%
Indifférence à ce qui se passe autour de la personne Détachement
8%
Difficulté à émettre des sons intelligibles par atteinte de l’articulation suite à un disfonctionnement cérébral Dysarthrie
8%
Insatisfaction, contraire d’euphorie Dysphorie
8%
Emergence brutale de souvenirs du sujet, vécus comme une expérience actuelle Ecmnésie
8%
Absence de contrôle sphinctérien anal après l’âge ou la propreté est normalement acquise Encoprésie
8%
Histoire fantasque et extraordinaires racontée par le sujet qui en est l’inventeur
comme s’il s’agissait de faits réels
Fabulation
8%
Barrage brutal, le cours de la pensée se ralentit, avec coupures Fading
8%
Familiarité excessive au cours de la manie Familiarité
8%
Trop de familiarité avec le milieu environnemental Hyper syntone
8%
Troubles de l’attention : attention diminuée Hypoprosexie
8%
Impossibilité pour un tiers d’entrée en relation avec le sujet Impénétrabilité
8%
Déformation involontaire d’un mot Lapsus
8%
Qui est en rapport avec le messie Messianique
8%
Qui est rapport avec les religions Mysticisme
8%
Idée ou sentiment qui s’impose à la conscience du sujet qui le ressent comme contraignant mais absurde, fait des efforts pour le chasser mais n’y parvient pas Obsession
8%
Utilisation de mots détournés de leurs sens Paralogismes
8%
Langage totalement hermétique et incohérent Schizophasie
8%
Pensée accélérée qui s’accompagne généralement d’une fuite des idées Tachypsychie
8%
Diminution de la volonté entraînant indécision et impuissance à agir Aboulie
0%
Perte de la capacité de faire des phrases syntaxiquement correctes (place des mots dans la phrase, orthographe grammatical) Agrammatisme
0%
Incapacité d’origine psychique de maintenir une activité et un comportement adaptés aux besoins et aux conditions de vie du sujet Apragmatisme
0%
Expression caractérisée par une accélération du débit avec articulation défectueuse rendant la compréhension difficile,
traduisant en général un état d’hyperémotivité
Bredouillement
0%
Rupture de l’unité des fonctions mentales (affectives, intellectuelles et motrices) aboutissant à la perte de l’unité de la personnalité Dissociation
0%
Mimie sans rapport avec le vécu ou le discours actuel Dysmimique
0%
Le sujet reproduit en miroir les mimiques de l’examinateur Echomimie
0%
Identification erronées des personnes et des lieux Fausses
reconnaissances
0%
Langage nouveau, incompréhensible, propre au malade Glossolalie
0%
Perception sans objet à percevoir Hallucination
0%
Ingestion de trop grandes quantités de nourriture Hyperphagie
0%
Souci exagéré de l’état de santé corporelle, Elle donne lieu à des préoccupations anxieuses et obsédantes et peut
prendre un tour délirant.
Hypocondrie
0%
Attribution à un fait réel d’une signification erronée Interprétation
0%
Comportement de refus et d’opposition aux sollicitations d’autrui Négativisme
0%
Désigne la production d’une imagerie mentale à l’état de veille caractérisée par la succession de représentations visuelles, sans rapport avec la réalité, représentant des scènes visuelles le plus souvent effrayantes, s’enchaînant les une autres sans logique Onirisme
0%
Mimiques inappropriées traduisant une discordance entre les mimiques et les affects Paramimie
0%
Production imaginaires plus ou moins riches, prises pour des souvenirs Paramnésies
0%
Histoire fantasque et extraordinaires racontée par le sujet qui en est l’inventeur
comme s’il s’agissait de faits réels
Parasitage
0%
Constitue la simulation volontaire de la maladie Pathomimie
0%
Répétition d’une réponse par le sujet adaptée à une question antérieure en réponse aux questions qui suivent au cours d’un même entretien Persévération
0%
Attitude du sujet qui refuse le contact, l’évite manifestement, refuse de parler, ect… Réticence
pathologique
0%
Refus alimentaire (ou de certains aliments), généralement dans le cadre d’une pathologie délirante sous jacente (par exemple craint d’être empoisonné) Sitiophobie
0%
Répétition de gestes étranges, de manière automatique sans signification ni relation avec le contexte Stéréotypies
0%
Diminution très importante de la vigilance avec arrêt des opérations mentales Stupeur
0%
Harmonie entre le comportement d’un sujet et son environnement Syntonie
0%
Répétition de mots dénués de sens Verbigération
0%
Aucun quiz correspondant
Distribution des résultats
% des personnes avec chaque résultat
Percentile par nombre de réponses
Votre historique - résultats
Vous n’avez pas pris ce quiz